| 000 | 00347nam a2200145Ia 4500 | ||
|---|---|---|---|
| 008 | 191201s2011 xx 000 0 und d | ||
| 082 |
_a659 _bPAI |
||
| 100 | _aPALMER,Adrian | ||
| 245 | 0 | _aIntroduction to Marketing: Theory and Practice | |
| 250 | _aRep | ||
| 260 |
_aN. Delhi _bOxford _c2011 |
||
| 300 | _a551 | ||
| 650 | _aMBA | ||
| 942 |
_2ddc _cBK |
||
| 999 |
_c5166 _d5166 |
||